| 000 | 00668nam a2200241 i 4500 | ||
|---|---|---|---|
| 001 | 11034 | ||
| 003 | ES-MaACL | ||
| 005 | 20230906150021.0 | ||
| 007 | t| | ||
| 008 | 930325s1992 sp ||||0| spa j | ||
| 020 | _a84-7954-101-6 | ||
| 040 |
_aM-BN _bspa _cM-BN |
||
| 080 | _a860-31"19" | ||
| 100 | 0 |
_aLeyva, J. _972111 |
|
| 245 | 1 | 3 |
_aLa circuncisión del señor solo / _cJ. Leyva. |
| 250 | _a[2ª ed. corr.]. | ||
| 260 |
_aMadrid : _bLibertarias/Prodhufi, _c1992. |
||
| 300 |
_a179 p ; _c20 cm. |
||
| 490 | 1 |
_aTres de cuatro soles ; _v23 |
|
| 830 | 0 |
_aTres de cuatro soles ; _v23 _9178061 |
|
| 852 |
_aES-MaACL _jL-18306 _bR.121936 |
||
| 999 |
_c11034 _d11034 |
||